000 00450nam a2200169Ia 4500
003 GCL
008 140319s9999 xx 000 0 eng d
040 _aGCL /
_cGCL
082 0 4 _a940.2
_bT E
100 1 _aTILLY, CHARLES
245 1 0 _aEUROPEAN REVOLUTIONS, 1492 - 1992 /
_cTILLY, CHARLES
260 _a[S.N] :
_bBLACK WELL ،
_c1993
300 _a262 P
650 0 4 _aEUROPE - HISTORY
650 0 4 _aREVOLUTIONS EUROPE - HISTORY
942 _2ddc
_cBK
999 _c21133
_d21133